Economie et parente : leurs affinites de structure dans le domaine turc et dans le domaine arabe
Αποθηκεύτηκε σε:
| Κύριος συγγραφέας: | |
|---|---|
| Μορφή: | Βιβλίο |
| Γλώσσα: | French |
| Δημοσίευση: |
Paris :
Mouton,
c1975
|
| Σειρά: | Le Monde d'outre-mer, passe et present. Premiere serie, Etudes
; 60 |
| Θέματα: | |
| Ετικέτες: |
Προσθήκη ετικέτας
Δεν υπάρχουν, Καταχωρήστε ετικέτα πρώτοι!
|
MARC
| LEADER | 00000cam a2200000 i 4500 | ||
|---|---|---|---|
| 001 | 1/2068 | ||
| 008 | 950808s1975 fre d | ||
| 035 | |l 10014683 | ||
| 040 | |a GR-MY-UA |b gre |e aacr | ||
| 041 | 0 | |a fre | |
| 082 | 0 | |a 301.42109561 | |
| 100 | 1 | |a Cuisenier, Jean |d 1927- | |
| 245 | 1 | 0 | |a Economie et parente : |b leurs affinites de structure dans le domaine turc et dans le domaine arabe / |c Jean Cuisenier |
| 260 | |a Paris : |b Mouton, |c c1975 | ||
| 300 | |a 569 p., [10] leaves of plates (2 fold.); |b ill., 2 fold. maps; |c 24 cm | ||
| 490 | 1 | |a Le Monde d'outre-mer, passe et present. Premiere serie, Etudes |v ; 60 | |
| 500 | |a A revision of the author's thesis, Paris, 1971 | ||
| 504 | |a Bibliography: p. [505]-534. Includes index. | ||
| 650 | 0 | 0 | |a Kinship |z Arab countries. |
| 650 | 0 | 0 | |a Kinship |z Turkey. |
| 651 | 0 | |a Turkey |x Economic conditions. | |
| 651 | 0 | |a Turkey |x Social life and customs. | |
| 651 | 0 | |a Arab countries |x Economic conditions. | |
| 651 | 0 | |a Arab countries |x Social life and customs. | |
| 852 | |a INST |b LESVOS |e 19950808 |h 301.42109561 CUI |p 005100007497 |q 005100007497 |t BK |y 0 | ||
| 909 | |a Λ |b 007047 | ||